| 000 | 00371nam a2200169Ia 4500 | ||
|---|---|---|---|
| 100 | _aMcCourt/Cindy | ||
| 650 | _aDrupal | ||
| 942 | _cBK | ||
| 366 | _f27 | ||
| 654 | _adrupal | ||
| 245 | _aDrupal:The guide to planning and building website | ||
| 260 |
_bWiley India _c2011 |
||
| 082 |
_a4.65 _bMCC |
||
| 300 | _a479 | ||
| 546 |
_aENGLISH _celectronics |
||
| 999 |
_c17988 _d17988 |
||